Authors and Works A-Z Quiz Stats

 Plays Quiz Updated Jul 9, 2014

     
Support Sporcle.
Go Orange.
Score 0/52 Timer 08:00
0 Plays Today
Work/Name Name/Work % Correct
Jane EyreCharlotte Brontë
89.8%
The Great GatsbyF. Scott Fitzgerald
89%
J. R. R. Tolkien, 1937The Hobbit
86.4%
J. D. Salinger, 1951The Catcher in the Rye
85%
Harper Lee, 1960To Kill a Mockingbird
84%
Herman Melville, 1851Moby-Dick
82.5%
Lewis Carroll, 1865Alice's Adventures in Wonderland
80.4%
Aldous Huxley, 1932Brave New World
75.6%
Treasure IslandRobert Louis Stevenson
74.5%
William Shakespeare, 1603Othello
74%
Miguel Cervantes, 1605Don Quixote
73.6%
James Joyce, 1922Ulysses
73.2%
The Scarlet LetterNathaniel Hawthorne
71.8%
Jane Austen, 1811Sense and Sensibility
71.4%
Around the World in 80 DaysJules Verne
70.9%
Upton Sinclair, 1906The Jungle
69.6%
Crime and PunishmentFyodor Dostoyevsky
68.2%
Vladimir Nabokov, 1955Lolita
68.2%
L. Frank Baum, 1900The Wonderful Wizard of Oz
67.8%
On the RoadJack Kerouac
66.4%
Gone with the WindMargaret Mitchell
65.8%
The FountainheadAyn Rand
62.6%
Niccolò Machiavelli, 1532The Prince
60.8%
John Steinbeck, 1952East of Eden
60%
The Runaway JuryJohn Grisham
52.9%
The Cask of AmontilladoEdgar Allan Poe
47.4%
Work/Name Name/Work % Correct
Fear and Loathing in Las VegasHunter S. Thompson
42.7%
Things Fall ApartChinua Achebe
41.8%
Rip Van WinkleWashington Irving
41.5%
William M. Thackeray, 1848Vanity Fair
39.2%
The Portrait of a LadyHenry James
38.3%
Rudyard Kipling, 1900Kim
35.3%
J'AccuseÉmile Zola
32.4%
E. M. Forster, 1908A Room with a View
29.2%
Thomas Hardy, 1874Far from the Madding Crowd
27.2%
Native SonRichard Wright
22.1%
Robert Graves, 1934I, Claudius
22%
James Baldwin, 1953Go Tell It on the Mountain
17.4%
A Good Man is Hard to FindFlannery O'Connor
15.9%
Seven Pillars of WisdomT. E. Lawrence
15.4%
Essays: First Series (1841)Ralph Waldo Emerson
12.7%
Bernard Malamud, 1952The Natural
10.8%
The Second ComingW. B. Yeats
10.5%
Orson Scott Card, 1991Xenocide
8.7%
Bech: A BookJohn Updike
7.8%
Joan Didion, 2005The Year of Magical Thinking
6.6%
Isabel Allende, 2005Zorro
5.8%
HellenicaXenophon
4.8%
Black and BlueAnna Quindlen
4.5%
WitnessWhittaker Chambers
2.7%
Alexander Dumas, 1849The Queen's Necklace
2.7%
I'm a Stranger Here MyselfOgden Nash
2.6%

From the Vault

Terrible Jokes

by ZYX

We're reading a book about anti-gravity. It's impossible to put down.
Remove Ads.
Support Sporcle.
Get the best of Sporcle when you Go Orange. This ad-free experience offers more features, more stats, and more fun while also helping to support Sporcle. Thank you for becoming a member.

Show Comments

Extras

Top Quizzes Today


Score Distribution

Your Account Isn't Verified!

In order to create a playlist on Sporcle, you need to verify the email address you used during registration. Go to your Sporcle Settings to finish the process.

Report this User

Report this user for behavior that violates our Community Guidelines.

Details: